| 000 -LEADER |
| fixed length control field |
00939pam a2200229 a 4500 |
| 020 ## - INTERNATIONAL STANDARD BOOK NUMBER |
| International Standard Book Number |
0312213514 (North America) |
| 020 ## - INTERNATIONAL STANDARD BOOK NUMBER |
| International Standard Book Number |
0333650867 (Excluding North America) |
| 020 ## - INTERNATIONAL STANDARD BOOK NUMBER |
| International Standard Book Number |
0333734580 (pbk. : excluding North America) |
| 082 00 - DEWEY DECIMAL CLASSIFICATION NUMBER |
| Classification number |
305.420917671 |
| Author Mark |
JAW |
| -- |
N-01, P-49 |
| 100 1# - MAIN ENTRY--PERSONAL NAME |
| Personal name |
Jawad, H. A. |
| 9 (RLIN) |
37567 |
| 245 14 - TITLE STATEMENT |
| Title |
The rights of women in Islam : |
| Remainder of title |
an authentic approach / |
| Statement of responsibility, etc. |
Haifaa A. Jawad. |
| 260 ## - PUBLICATION, DISTRIBUTION, ETC. |
| Place of publication, distribution, etc. |
Houndmills, Basingstoke, Hampshire : |
| Name of publisher, distributor, etc. |
Macmillan Press ; |
| Place of publication, distribution, etc. |
New York : |
| Name of publisher, distributor, etc. |
St. Martin's Press, |
| Date of publication, distribution, etc. |
1998. |
| 300 ## - PHYSICAL DESCRIPTION |
| Extent |
ix, 150 p. ; |
| Dimensions |
23 cm. |
| 526 ## - STUDY PROGRAM INFORMATION NOTE |
| Program name |
0 |
| Interest level |
0 |
| Reading level |
0 |
| Title point value |
305_420917671000000_JAW |
| 650 #0 - SUBJECT ADDED ENTRY--TOPICAL TERM |
| Topical term or geographic name entry element |
Muslim women |
| General subdivision |
Social conditions. |
| 9 (RLIN) |
37568 |
| 650 #0 - SUBJECT ADDED ENTRY--TOPICAL TERM |
| Topical term or geographic name entry element |
NUST |
| 9 (RLIN) |
6342 |
| 650 #0 - SUBJECT ADDED ENTRY--TOPICAL TERM |
| Topical term or geographic name entry element |
Women in Islam. |
| 9 (RLIN) |
6551 |
| 856 41 - ELECTRONIC LOCATION AND ACCESS |
| Uniform Resource Identifier |
<a href="http://www.loc.gov/catdir/toc/hol052/97049652.html">http://www.loc.gov/catdir/toc/hol052/97049652.html</a> |
| 856 42 - ELECTRONIC LOCATION AND ACCESS |
| Uniform Resource Identifier |
<a href="http://www.loc.gov/catdir/bios/hol057/97049652.html">http://www.loc.gov/catdir/bios/hol057/97049652.html</a> |
| 856 42 - ELECTRONIC LOCATION AND ACCESS |
| Uniform Resource Identifier |
<a href="http://www.loc.gov/catdir/description/hol055/97049652.html">http://www.loc.gov/catdir/description/hol055/97049652.html</a> |
| 942 ## - ADDED ENTRY ELEMENTS (KOHA) |
| Source of classification or shelving scheme |
|
| Koha item type |
Book |